000 00564nab#a2200193#c#4500
999 _c87978
_d87978
003 IEF
005 20191204131349.0
008 950704s1976 uuu|| #####0 b| |u
040 _aIEF
_cES-MaIEF
100 1 _aGonzalo y González, Leopoldo
_919139
245 _aEn torno a la obra de Flores de Lemus
_c Leopoldo Gonzalo y González
260 _c1976
650 4 _aHOMENAJES
_945439
650 4 _aFLORES DE LEMUS, ANTONIO (1876-1941)
_944347
773 0 _tHacienda pública española
_w34570
_g42-43, p. 383-387
942 _2udc
942 _2udc